Estadísticas para Presidents del Consell d'Eivissa i Formentera (Illes Balears)

Haz click aquí para intentar la prueba.

Estadísticas generales

  • Esta prueba ha sido intentada 21 veces
    (8 desde el último reinicio)
  • La puntuación promedio es 5 de 11

Estadísticas de respuestas

Illes i períodePresident/a% Correcto
Eivissa i Formentera 1987-1999Antoni Marí
100%
Eivissa 2019-actualitatVicent Marí
100%
Eivissa i Formentera 1999-2003Pilar Costa
83%
Formentera 2019-2021Alejandra Ferrer
67%
Formentera 2007-2019Jaume Ferrer
67%
Eivissa 2015-2019Vicente Torres
50%
Eivissa 2007-2011Xico Tarrés
33%
Eivissa 2011-2015Vicent Serra
17%
Formentera 2021-actualitatAna Juan
0%
Eivissa i Formentera 1979-1987Cosme Vidal
0%
Eivissa i Formentera 2003-2007Pere Palau
0%

Distribución de puntuación

Porcentaje por número respondido

Porcentaje de gente con cada puntuación

Historial de tus puntuaciones

No has intentado esta prueba desde el último reinicio